[Event "CZE-ch U14"]
[Site "Kouty nad Desnou"]
[Date "2024.03.10"]
[Round "2"]
[White "Roubal, Matyas"]
[Black "Kroulik, Vaclav"]
[Result "1-0"]
[WhiteElo "1849"]
[BlackElo "1936"]
[PlyCount "89"]
[EventDate "2024.03.09"]
[EventType "swiss"]
[EventRounds "9"]
[EventCountry "CZE"]
[SourceTitle "CB12_2024"]
[SourceDate "2023.10.01"]
[SourceVersion "1"]
[SourceVersionDate "2023.10.01"]
[SourceQuality "1"]

1. e4 c5 2. Nf3 d6 3. d4 cxd4 4. Nxd4 Nf6 5. Nc3 Nc6 6. f3 e5 7. Nb3 Be7 8. Be3 Be6 9. Nd5 Bxd5 10. exd5 Nb8 11. Qd2 Nbd7 12. Na5 Qc7 13. c4 0-0 14. Be2 Nh5 15. 0-0 f5 16. b4 Nf4 17. Bxf4 exf4 18. Qxf4 Qb6+ 19. Kh1 Qxb4 20. Nb3 Bf6 21. Rab1 Be5 22. Qe3 Rae8 23. Qxa7 Ra8 24. Qe3 f4 25. Qe4 Nf6 26. Qc2 Qa4 27. Rfe1 Qxa2 28. Qxa2 Rxa2 29. Nc1 Ra7 30. Nd3 Nd7 31. Nxe5 Nxe5 32. Rb6 Rc8 33. Rxd6 Nxc4 34. Bxc4 Rxc4 35. Rd8+ Kf7 36. Rd7+ Kf8 37. h4 Ra5 38. Kh2 Rd4 39. Rc1 Ke8 40. Rxg7 Raxd5 41. Rc8+ Rd8 42. Rxd8+ Rxd8 43. Rxb7 Rd7 44. Rb8+ Rd8 45. Rb4 1-0

[Event "Plzen Calliditas op"]
[Site "Plzen"]
[Date "2023.08.23"]
[Round "6"]
[White "Soural, Jan"]
[Black "Roubal, Matyas"]
[Result "1-0"]
[WhiteElo "2210"]
[BlackElo "1856"]
[PlyCount "61"]
[EventDate "2023.08.19"]
[EventType "swiss"]
[EventRounds "9"]
[EventCountry "CZE"]
[SourceTitle "EXT 2024"]
[Source "ChessBase"]
[SourceDate "2023.10.10"]
[SourceVersion "1"]
[SourceVersionDate "2023.10.10"]
[SourceQuality "1"]

1. d4 Nf6 2. c4 g6 3. Nc3 Bg7 4. e4 d6 5. h3 0-0 6. Be3 e5 7. d5 Nfd7 8. g4 f5 9. gxf5 gxf5 10. exf5 Nf6 11. Nge2 Nh5 12. Rg1 Bxf5 13. Ng3 Nxg3 14. Rxg3 Na6 15. Bd3 Qh4 16. Bxf5 Rxf5 17. Qg4 Qxg4 18. hxg4 Rf7 19. Ne4 b5 20. cxb5 Nb4 21. Rd1 Nc2+ 22. Kd2 Nxe3 23. Rxe3 Rb8 24. Rb3 Rf4 25. f3 a6 26. bxa6 Rxb3 27. axb3 Rxf3 28. a7 Rf8 29. Rc1 Ra8 30. Rxc7 Bf8 31. Nf6+ 1-0

[Event "Plzen Calliditas op"]
[Site "Plzen"]
[Date "2023.08.20"]
[Round "2"]
[White "Eret, Matous"]
[Black "Roubal, Matyas"]
[Result "1-0"]
[WhiteElo "2321"]
[BlackElo "1856"]
[PlyCount "107"]
[EventDate "2023.08.19"]
[EventType "swiss"]
[EventRounds "9"]
[EventCountry "CZE"]
[SourceTitle "EXT 2024"]
[Source "ChessBase"]
[SourceDate "2023.10.10"]
[SourceVersion "1"]
[SourceVersionDate "2023.10.10"]
[SourceQuality "1"]

1. e4 c5 2. Nf3 Nc6 3. Bb5 g6 4. 0-0 Bg7 5. Bxc6 bxc6 6. d3 Nh6 7. Re1 0-0 8. e5 f6 9. Nc3 Nf7 10. e6 dxe6 11. Na4 Qd5 12. c4 Qd6 13. Be3 Rd8 14. Bxc5 Qxd3 15. Bxe7 Qxd1 16. Raxd1 Re8 17. Bc5 e5 18. h3 Be6 19. b3 f5 20. Re2 e4 21. Ne1 Ne5 22. f3 exf3 23. Nxf3 Nxf3+ 24. gxf3 f4 25. Rde1 Kf7 26. h4 h6 27. Bf2 Bf8 28. Re4 g5 29. hxg5 hxg5 30. Re5 Bh6 31. Nc5 Bh3 32. Nb7 Rxe5 33. Rxe5 Bd7 34. Nd6+ Kg8 35. Ne4 Kf7 36. Bc5 Bf8 37. Nxg5+ Kf6 38. Bd4 Kg6 39. Ne4 Bf5 40. Ra5 a6 41. Be5 Bb4 42. Ra4 Bxe4 43. fxe4 a5 44. Bxf4 c5 45. Kf2 Re8 46. Bc7 Ra8 47. Ke2 Ra7 48. Bf4 Kh5 49. Bd6 Ra6 50. e5 Rc6 51. Kf3 Rc8 52. Ke4 Bc3 53. Kd5 Re8 54. Kxc5 1-0

[Event "Pilsen Region-chT 2223"]
[Site "Czech Republic"]
[Date "2023.02.12"]
[Round "8.1"]
[White "Roubal, Matyas"]
[Black "Jakl, Ales"]
[Result "0-1"]
[WhiteElo "1923"]
[BlackElo "1986"]
[PlyCount "114"]
[EventDate "2022.10.09"]
[EventType "team-tourn"]
[EventRounds "11"]
[EventCountry "CZE"]
[SourceTitle "EXT 2024"]
[Source "ChessBase"]
[SourceDate "2023.10.10"]
[SourceVersion "1"]
[SourceVersionDate "2023.10.10"]
[SourceQuality "1"]
[WhiteTeam "Klatovy II"]
[BlackTeam "Tachov"]
[WhiteTeamCountry "CZE"]
[BlackTeamCountry "CZE"]

1. e4 c6 2. Nc3 g6 3. Nf3 Bg7 4. d4 d5 5. Bf4 dxe4 6. Nxe4 Nf6 7. Nxf6+ Bxf6 8. c3 Bf5 9. Bd3 Bxd3 10. Qxd3 Qb6 11. 0-0 0-0 12. Qe2 Nd7 13. Rfe1 Rfe8 14. Rad1 Rad8 15. b3 c5 16. dxc5 Nxc5 17. Ne5 Ne6 18. Bg3 Nf8 19. Qc4 e6 20. Ng4 Bg7 21. Bh4 Rc8 22. Qf4 e5 23. Nxe5 Qc7 24. Bg3 Ne6 25. Qc1 Qxc3 26. Qxc3 Rxc3 27. Nc4 Ra8 28. Rd7 Nc5 29. Rde7 Bf6 30. Bd6 Bxe7 31. Bxe7 Re8 32. g3 Nd3 33. Re3 Nf4 34. Ba3 Rexe3 35. Nxe3 Ne6 36. Kf1 f5 37. Bb2 Rc5 38. f4 b5 39. Ke2 Kf7 40. Kd3 a5 41. Kd2 Ke8 42. Bc3 b4 43. Bb2 Kd7 44. Kd3 Kc6 45. Kd2 Kb5 46. Kd3 Rc7 47. Nc4 Nc5+ 48. Ke3 a4 49. Be5 Rd7 50. Nd6+ Kc6 51. Nc4 axb3 52. Na5+ Kd5 53. Nxb3 Nxb3 54. axb3 Re7 55. Kd3 Ra7 56. Bb2 Ra2 57. Kc2 Ke4 0-1

[Event "CZE-chT2A 2223"]
[Site "Czech Republic"]
[Date "2023.02.05"]
[Round "8.7"]
[White "Roubal, Matyas"]
[Black "Jezek, Jan"]
[Result "1/2-1/2"]
[WhiteElo "1948"]
[BlackElo "2093"]
[PlyCount "90"]
[EventDate "2022.10.16"]
[EventType "team-tourn"]
[EventRounds "11"]
[EventCountry "CZE"]
[SourceTitle "EXT 2024"]
[Source "ChessBase"]
[SourceDate "2023.10.10"]
[SourceVersion "1"]
[SourceVersionDate "2023.10.10"]
[SourceQuality "1"]
[WhiteTeam "Klatovy"]
[BlackTeam "Line II"]
[WhiteTeamCountry "CZE"]
[BlackTeamCountry "CZE"]

1. e4 g6 2. d4 Bg7 3. Nc3 d6 4. Nf3 a6 5. Bg5 b5 6. a3 Nd7 7. Qd2 h6 8. Be3 Bb7 9. Bd3 c5 10. dxc5 Nxc5 11. 0-0 Nxd3 12. Qxd3 Nf6 13. Bd4 0-0 14. Nd5 e5 15. Bb6 Qd7 16. Nxe5 Qe6 17. Nf3 Nxd5 18. exd5 Qxd5 19. Qxd5 Bxd5 20. c3 Bxf3 21. gxf3 a5 22. a4 Ra6 23. Bd4 Bxd4 24. cxd4 Rb8 25. Ra2 Rc6 26. axb5 Rxb5 27. Rfa1 Rc2 28. Rxa5 Rbxb2 29. Rf1 Rd2 30. Rd5 Rb6 31. Kg2 Kg7 32. Kg3 Kf6 33. Re1 g5 34. Kg2 Rdb2 35. f4 R2b5 36. fxg5+ hxg5 37. Rxb5 Rxb5 38. Kg3 Rb4 39. Re4 Kf5 40. f3 f6 41. h4 d5 42. Rg4 Rb1 43. hxg5 fxg5 44. Kf2 Rh1 45. Ke3 Re1+ 1/2-1/2

[Event "Pilsen Region-chT 2223"]
[Site "Czech Republic"]
[Date "2022.12.11"]
[Round "5.3"]
[White "Soukup, Alois"]
[Black "Roubal, Matyas"]
[Result "1/2-1/2"]
[WhiteElo "2090"]
[BlackElo "1923"]
[PlyCount "53"]
[EventDate "2022.10.09"]
[EventType "team-tourn"]
[EventRounds "11"]
[EventCountry "CZE"]
[SourceTitle "EXT 2024"]
[Source "ChessBase"]
[SourceDate "2023.10.10"]
[SourceVersion "1"]
[SourceVersionDate "2023.10.10"]
[SourceQuality "1"]
[WhiteTeam "Plzen Kosutka"]
[BlackTeam "Klatovy II"]
[WhiteTeamCountry "CZE"]
[BlackTeamCountry "CZE"]

1. e4 c5 2. Nf3 Nc6 3. d4 cxd4 4. Nxd4 Nf6 5. Nc3 e6 6. Be3 Bb4 7. Bd3 d5 8. Nxc6 bxc6 9. exd5 exd5 10. a3 Bd6 11. h3 0-0 12. 0-0 Be6 13. f4 c5 14. f5 Bd7 15. Nb5 Be7 16. a4 a6 17. Na3 Bxa4 18. b3 Bc6 19. Qe2 Re8 20. Qf2 d4 21. Bd2 Nd5 22. Be4 Bf6 23. Rae1 Qc7 24. Kh1 Rac8 25. Nc4 Nc3 26. Bxc6 Qxc6 27. Bxc3 1/2-1/2

[Event "CZE-chT2A 2223"]
[Site "Czech Republic"]
[Date "2022.12.04"]
[Round "4.8"]
[White "Kotleska, Roman"]
[Black "Roubal, Matyas"]
[Result "1-0"]
[WhiteElo "1861"]
[BlackElo "1948"]
[PlyCount "81"]
[EventDate "2022.10.16"]
[EventType "team-tourn"]
[EventRounds "11"]
[EventCountry "CZE"]
[SourceTitle "EXT 2024"]
[Source "ChessBase"]
[SourceDate "2023.10.10"]
[SourceVersion "1"]
[SourceVersionDate "2023.10.10"]
[SourceQuality "1"]
[WhiteTeam "Tabor"]
[BlackTeam "Klatovy"]
[WhiteTeamCountry "CZE"]
[BlackTeamCountry "CZE"]

1. e4 c5 2. d4 cxd4 3. Nf3 Nc6 4. c3 d3 5. c4 g6 6. Nc3 Bg7 7. Bxd3 d6 8. h3 Nf6 9. Be3 0-0 10. 0-0 Nd7 11. Re1 Nc5 12. Bc2 Be6 13. Qe2 Rc8 14. Rac1 Na5 15. Nd2 Nd7 16. Nd5 Bxd5 17. exd5 Bxb2 18. Rb1 Bc3 19. Bd3 b6 20. Rbc1 Bf6 21. Ne4 Bg7 22. f4 Nc5 23. Nxc5 dxc5 24. f5 Re8 25. Bd2 Nb7 26. fxg6 hxg6 27. Bxg6 Bd4+ 28. Kh1 fxg6 29. Qg4 Kf7 30. Bh6 Rh8 31. Qe6+ Ke8 32. Qxg6+ Kd7 33. Qe6+ Ke8 34. Bg5 Qd7 35. Qxe7+ Qxe7 36. Rxe7+ Kf8 37. Rf1+ Kg8 38. Rxb7 Rh5 39. h4 Re8 40. g4 Rh8 41. d6 1-0

[Event "Wch U12"]
[Site "Batumi"]
[Date "2022.09.27"]
[Round "11"]
[White "Roubal, Matyas"]
[Black "Durovka, Marek"]
[Result "1-0"]
[WhiteElo "1923"]
[BlackElo "1725"]
[PlyCount "55"]
[EventDate "2022.09.16"]
[EventType "swiss"]
[EventRounds "11"]
[EventCountry "GEO"]
[SourceTitle "EXT 2023"]
[Source "ChessBase"]
[SourceDate "2022.10.05"]
[SourceVersion "1"]
[SourceVersionDate "2022.10.05"]
[SourceQuality "1"]

1. e4 e6 2. d4 d5 3. e5 c5 4. c3 Nc6 5. Nf3 cxd4 6. cxd4 Bb4+ 7. Bd2 Qb6 8. Na3 Nge7 9. Nc2 Bxd2+ 10. Qxd2 Qxb2 11. Bd3 Qb6 12. 0-0 0-0 13. Rab1 Qc7 14. Ne3 Ng6 15. Ng4 Qe7 16. Rb3 b6 17. h4 Na5 18. Rc3 Nc4 19. Bxc4 dxc4 20. h5 Nh4 21. Nxh4 Qxh4 22. Nf6+ Kh8 23. Rh3 Qxh3 24. gxh3 gxf6 25. Qh6 Rg8+ 26. Kh2 Rg7 27. Qxf6 h6 28. Rg1 1-0

[Event "Wch U12"]
[Site "Batumi"]
[Date "2022.09.23"]
[Round "7"]
[White "Roubal, Matyas"]
[Black "Delgerdalai, Bayarjavkhlan"]
[Result "0-1"]
[WhiteElo "1923"]
[BlackElo "1540"]
[PlyCount "62"]
[EventDate "2022.09.16"]
[EventType "swiss"]
[EventRounds "11"]
[EventCountry "GEO"]
[SourceTitle "EXT 2023"]
[Source "ChessBase"]
[SourceDate "2022.10.05"]
[SourceVersion "1"]
[SourceVersionDate "2022.10.05"]
[SourceQuality "1"]

1. e4 e5 2. Nf3 Nc6 3. Bb5 a6 4. Bxc6 dxc6 5. 0-0 Bg4 6. h3 h5 7. d3 Qf6 8. Be3 Bd6 9. Nbd2 Ne7 10. Re1 Bxf3 11. Qxf3 Qe6 12. Nc4 0-0-0 13. Nxd6+ cxd6 14. c4 Rdg8 15. h4 f6 16. b4 g5 17. hxg5 fxg5 18. g3 Rf8 19. Qe2 Qh3 20. Bxg5 h4 21. gxh4 Rfg8 22. Qe3 Qxh4 23. Kf1 Qxg5 24. Qxg5 Rxg5 25. Ke2 Ng6 26. Rh1 Nf4+ 27. Ke3 Rxh1 28. Rxh1 Rh5 29. Rg1 Rh3+ 30. Rg3 Rh1 31. a4 Rd1 0-1

[Event "Wch U12"]
[Site "Batumi"]
[Date "2022.09.20"]
[Round "5"]
[White "Bokhodirov, Abdulkodir"]
[Black "Roubal, Matyas"]
[Result "1/2-1/2"]
[WhiteElo "1470"]
[BlackElo "1923"]
[PlyCount "78"]
[EventDate "2022.09.16"]
[EventType "swiss"]
[EventRounds "11"]
[EventCountry "GEO"]
[SourceTitle "EXT 2023"]
[Source "ChessBase"]
[SourceDate "2022.10.05"]
[SourceVersion "1"]
[SourceVersionDate "2022.10.05"]
[SourceQuality "1"]

1. d4 Nf6 2. c4 g6 3. Nc3 Bg7 4. e4 d6 5. f3 0-0 6. Be3 a6 7. Qd2 c6 8. a4 a5 9. Nge2 Na6 10. Nf4 Qc7 11. d5 e5 12. Nd3 Nd7 13. g4 Rd8 14. h4 Ndc5 15. Nxc5 Nxc5 16. Bxc5 dxc5 17. h5 Qe7 18. 0-0-0 g5 19. h6 Bf8 20. Qe3 f6 21. Be2 Qc7 22. Kc2 Bd7 23. Rd2 Be8 24. b3 Rd7 25. Bd1 Rad8 26. Rhh2 Bg6 27. Kb2 Bf7 28. Bc2 Bd6 29. Rh1 Bf8 30. Rhh2 Bd6 31. Rh1 Kf8 32. Rhd1 Be8 33. Ne2 Bg6 34. Nc3 Kg8 35. Rh1 Be8 36. Rhd1 Bf8 37. Rh2 Rb8 38. Bd3 Rbd8 39. Bc2 Rb8 1/2-1/2

[Event "Wch U12"]
[Site "Batumi"]
[Date "2022.09.17"]
[Round "2"]
[White "Roubal, Matyas"]
[Black "Bozorov, Javokhir"]
[Result "1-0"]
[WhiteElo "1923"]
[BlackElo "1670"]
[PlyCount "85"]
[EventDate "2022.09.16"]
[EventType "swiss"]
[EventRounds "11"]
[EventCountry "GEO"]
[SourceTitle "EXT 2023"]
[Source "ChessBase"]
[SourceDate "2022.10.05"]
[SourceVersion "1"]
[SourceVersionDate "2022.10.05"]
[SourceQuality "1"]

1. e4 c5 2. Nf3 d6 3. Bb5+ Bd7 4. Bxd7+ Qxd7 5. c4 Nf6 6. Nc3 Nc6 7. 0-0 e6 8. d4 cxd4 9. Nxd4 Be7 10. b3 0-0 11. Be3 Rfc8 12. Rc1 Bf8 13. Qe2 e5 14. Nc2 Ng4 15. h3 Nxe3 16. fxe3 Be7 17. Rf3 Rf8 18. Rcf1 Bg5 19. Nd5 Ne7 20. Nxe7+ Bxe7 21. Nb4 g6 22. Nd5 Kg7 23. Qf2 f6 24. Nxf6 Bxf6 25. Rxf6 Qe7 26. Rxf8 Rxf8 27. Qxf8+ Qxf8 28. Rxf8 Kxf8 29. Kf2 h5 30. Ke2 Ke7 31. Kd3 Kd7 32. Kc3 Kc6 33. h4 a5 34. Kb2 Kb6 35. Ka3 Ka7 36. Ka4 Ka6 37. a3 Kb6 38. b4 axb4 39. axb4 Ka7 40. Kb5 Kb8 41. Kb6 Kc8 42. c5 dxc5 43. bxc5 1-0

[Event "Klatovy op 28th"]
[Site "Klatovy"]
[Date "2022.07.06"]
[Round "5"]
[White "Lhotska, Anna"]
[Black "Roubal, Matyas"]
[Result "1-0"]
[WhiteElo "2113"]
[BlackElo "1909"]
[PlyCount "183"]
[EventDate "2022.07.02"]
[EventType "swiss"]
[EventRounds "9"]
[EventCountry "CZE"]
[SourceTitle "EXT 2023"]
[Source "ChessBase"]
[SourceDate "2022.10.05"]
[SourceVersion "1"]
[SourceVersionDate "2022.10.05"]
[SourceQuality "1"]

1. e4 c5 2. Nf3 Nc6 3. d4 cxd4 4. Nxd4 g6 5. Nc3 Bg7 6. Be3 Nf6 7. Bc4 Qa5 8. 0-0 0-0 9. h3 d6 10. Bb3 Bd7 11. Re1 Nxd4 12. Bxd4 Bc6 13. Qd3 Nd7 14. Bxg7 Kxg7 15. Qd4+ Kg8 16. a3 Qc5 17. Rad1 Qxd4 18. Rxd4 Rfe8 19. Ba2 a5 20. Re2 Nf6 21. Rd3 Nd7 22. Rde3 Rad8 23. Bb3 Nc5 24. Bc4 Nd7 25. Nd5 Rc8 26. Bb3 Kf8 27. Nf4 Nc5 28. Ba2 Nd7 29. h4 Nf6 30. Nh3 h6 31. Nf4 Bb5 32. Rd2 Bc6 33. f3 Nd7 34. Kf2 Ne5 35. Nd3 Nxd3+ 36. Rexd3 b6 37. g4 Bb5 38. Rd4 Rc5 39. c3 Rec8 40. Ke3 Bc4 41. Bxc4 Rxc4 42. Rxc4 Rxc4 43. Rd5 Rc6 44. Kd4 e5+ 45. Kd3 Ke7 46. Rb5 Kd7 47. Ke3 f6 48. Kd3 Kc7 49. a4 Kd7 50. b4 axb4 51. cxb4 Kc7 52. a5 bxa5 53. Rxa5 Kb7 54. b5 Rc5 55. Ra6 Rxb5 56. Rxd6 Rb6 57. Rd7+ Kc6 58. Rg7 g5 59. h5 Kd6 60. Rh7 Ke6 61. Rxh6 Rb2 62. Rh8 Rh2 63. Ke3 Kf7 64. Rh7+ Ke6 65. Ra7 Kd6 66. Ra3 Ke6 67. Kd3 Rf2 68. Kc4 Rc2+ 69. Rc3 Rd2 70. Kb5 Rb2+ 71. Kc6 Rd2 72. Kb7 Rd7+ 73. Kb6 Rd2 74. Rc7 Rb2+ 75. Ka7 Kd6 76. Rb7 Rh2 77. Kb8 Ke6 78. Kc8 Ra2 79. Kb8 Rh2 80. Rc7 Rh1 81. Kc8 Ra1 82. Kd8 Ra8+ 83. Rc8 Ra6 84. Ke8 f5 85. exf5+ Kf6 86. Kf8 e4 87. fxe4 Ra7 88. Rc6+ Ke5 89. Re6+ Kf4 90. f6 Kxg4 91. f7 Kxh5 92. Kg8 1-0

[Event "Klatovy op 28th"]
[Site "Klatovy"]
[Date "2022.07.02"]
[Round "1"]
[White "Formanek, Martin"]
[Black "Roubal, Matyas"]
[Result "1-0"]
[WhiteElo "2233"]
[BlackElo "1909"]
[PlyCount "61"]
[EventDate "2022.07.02"]
[EventType "swiss"]
[EventRounds "9"]
[EventCountry "CZE"]
[SourceTitle "EXT 2023"]
[Source "ChessBase"]
[SourceDate "2022.10.05"]
[SourceVersion "1"]
[SourceVersionDate "2022.10.05"]
[SourceQuality "1"]

1. e4 c5 2. Nc3 Nc6 3. f4 g6 4. Nf3 Bg7 5. Bb5 e6 6. Bxc6 bxc6 7. e5 d5 8. exd6 Qxd6 9. Ne4 Qe7 10. Qe2 Nf6 11. 0-0 0-0 12. Nf2 Nd5 13. d3 Rb8 14. c4 Nc7 15. Rb1 Rd8 16. b3 Na6 17. Ne5 Bb7 18. Bb2 f6 19. Nf3 Qd6 20. g3 Rd7 21. Rbd1 Rbd8 22. Bc3 Nc7 23. Rfe1 Kf7 24. Qb2 Ne8 25. Re3 Nc7 26. Rde1 Re8 27. Ng5+ fxg5 28. Bxg7 gxf4 29. Ng4 Rc8 30. Be5 Qf8 31. Rf1 1-0

[Event "CZE-chT U12"]
[Site "Jihlava"]
[Date "2022.06.11"]
[Round "5.1"]
[White "Artamonov, Mikhail1111"]
[Black "Roubal, Matyas"]
[Result "0-1"]
[WhiteElo "1160"]
[BlackElo "1321"]
[PlyCount "78"]
[EventDate "2022.06.10"]
[EventType "team-swiss"]
[EventRounds "9"]
[EventCountry "CZE"]
[SourceTitle "CBM 209 Extra"]
[Source "ChessBase"]
[SourceDate "2022.09.30"]
[SourceVersion "1"]
[SourceVersionDate "2022.09.30"]
[SourceQuality "1"]
[WhiteTeam "Ricany U12"]
[BlackTeam "Klatovy Sokol U12"]
[WhiteTeamCountry "CZE"]
[BlackTeamCountry "CZE"]

1. e4 c5 2. Nf3 Nc6 3. c4 g6 4. d4 cxd4 5. Nxd4 Bg7 6. Be3 Nf6 7. Nc3 0-0 8. Be2 d6 9. 0-0 Bd7 10. f4 Qb6 11. Qd3 Nxe4 12. Nxc6 Qxc6 13. Nxe4 Bxb2 14. Rab1 Bg7 15. Ng3 Qc7 16. Bf3 Bc6 17. Bxc6 bxc6 18. Bd4 f6 19. c5 Rfd8 20. Qb3+ d5 21. Qb7 Rac8 22. Qxc7 Rxc7 23. Rfe1 Re8 24. f5 Kf7 25. Kf2 Bh6 26. fxg6+ hxg6 27. Kf3 e5 28. Bf2 f5 29. Ke2 Rd7 30. Kd3 e4+ 31. Kd4 Bg7+ 32. Ke3 d4+ 33. Ke2 f4 34. Nf1 e3 35. Bh4 d3+ 36. Kf3 Bh6 37. g3 d2 38. Re2 d1Q 39. Rxd1 Rxd1 0-1

[Event "CZE-chT U12"]
[Site "Jihlava"]
[Date "2022.06.10"]
[Round "2.1"]
[White "Kutil, Adam"]
[Black "Roubal, Matyas"]
[Result "0-1"]
[WhiteElo "1523"]
[BlackElo "1321"]
[PlyCount "76"]
[EventDate "2022.06.10"]
[EventType "team-swiss"]
[EventRounds "9"]
[EventCountry "CZE"]
[SourceTitle "CBM 209 Extra"]
[Source "ChessBase"]
[SourceDate "2022.09.30"]
[SourceVersion "1"]
[SourceVersionDate "2022.09.30"]
[SourceQuality "1"]
[WhiteTeam "Namest nad Oslavou U12"]
[BlackTeam "Klatovy Sokol U12"]
[WhiteTeamCountry "CZE"]
[BlackTeamCountry "CZE"]

1. e4 c5 2. Nf3 Nc6 3. d4 cxd4 4. Nxd4 g6 5. c4 Bg7 6. Be3 Nf6 7. f3 0-0 8. Nxc6 bxc6 9. Nc3 Rb8 10. Qd2 Qa5 11. Be2 Rxb2 12. Qxb2 Nxe4 13. Bd2 Bxc3 14. Bxc3 Qxc3+ 15. Qxc3 Nxc3 16. Bd3 Na4 17. Kd2 Nc5 18. Rhe1 e6 19. Rab1 Ba6 20. Bf1 d6 21. Kc3 Rd8 22. f4 Kf8 23. Kd4 f6 24. g3 e5+ 25. Kc3 e4 26. Bg2 f5 27. Kd4 Ne6+ 28. Kc3 d5 29. cxd5 cxd5 30. Bf1 d4+ 31. Kc2 d3+ 32. Kd2 Nd4 33. Rb2 Nf3+ 34. Kd1 Nxe1 35. Kxe1 d2+ 36. Kd1 Bxf1 37. Rb7 Be2+ 38. Kxe2 d1Q+ 0-1

[Event "CZE-ch U12"]
[Site "Luhacovice"]
[Date "2022.03.14"]
[Round "3"]
[White "Popov, Roman4444"]
[Black "Roubal, Matyas"]
[Result "0-1"]
[WhiteElo "2353"]
[BlackElo "1870"]
[PlyCount "126"]
[EventDate "2022.03.12"]
[EventType "swiss"]
[EventRounds "9"]
[EventCountry "CZE"]
[SourceTitle "EXT 2023"]
[Source "ChessBase"]
[SourceDate "2022.10.05"]
[SourceVersion "1"]
[SourceVersionDate "2022.10.05"]
[SourceQuality "1"]

1. d4 Nf6 2. c4 g6 3. Nc3 Bg7 4. e4 d6 5. Nf3 0-0 6. Be2 Bg4 7. 0-0 Nfd7 8. Be3 Bxf3 9. Bxf3 Nc6 10. Be2 e5 11. d5 Nd4 12. Bxd4 exd4 13. Nb5 Nc5 14. Nxd4 Nxe4 15. Bf3 Re8 16. Re1 Qh4 17. g3 Nxg3 18. hxg3 Qxd4 19. Qxd4 Bxd4 20. Rxe8+ Rxe8 21. Rb1 f5 22. Kf1 Kg7 23. b3 Bc3 24. Rc1 Bb4 25. Rd1 Kf6 26. Bg2 a5 27. Bh1 b6 28. Bg2 Ra8 29. a4 Re8 30. Bf3 Kg5 31. Be2 Kf6 32. Rd3 Bc5 33. Bf3 h5 34. Rd2 Kg5 35. Re2 Re5 36. Kg2 f4 37. Rxe5+ dxe5 38. Be4 Kf6 39. f3 fxg3 40. Kxg3 Kg5 41. Bd3 h4+ 42. Kg2 Kf4 43. Bxg6 h3+ 44. Kxh3 Kxf3 45. Bh5+ Ke3 46. Kg2 Kd2 47. Kf1 Kc2 48. Be8 Kd2 49. Bg6 Bb4 50. Kf2 Kc3 51. Be8 Kd3 52. Bg6+ e4 53. Bf5 Kc3 54. Bxe4 Kxb3 55. Ke2 Kxa4 56. Bc2+ Ka3 57. Kd1 Kb2 58. Ba4 Kc3 59. Kc1 Kxc4 60. Bc6 Kb3 61. Bd7 a4 62. Be6 Bd6 63. Kb1 a3 0-1

[Event "CZE-ch U12"]
[Site "Luhacovice"]
[Date "2022.03.14"]
[Round "4"]
[White "Roubal, Matyas"]
[Black "Kroulik, Vaclav"]
[Result "1/2-1/2"]
[WhiteElo "1870"]
[BlackElo "1645"]
[PlyCount "62"]
[EventDate "2022.03.12"]
[EventType "swiss"]
[EventRounds "9"]
[EventCountry "CZE"]
[SourceTitle "EXT 2023"]
[Source "ChessBase"]
[SourceDate "2022.10.05"]
[SourceVersion "1"]
[SourceVersionDate "2022.10.05"]
[SourceQuality "1"]

1. e4 c5 2. Nf3 e6 3. c3 Nf6 4. e5 Nd5 5. d4 cxd4 6. cxd4 Nc6 7. Bc4 Nb6 8. Bd3 d6 9. exd6 Bxd6 10. Nc3 0-0 11. 0-0 g6 12. Bh6 Re8 13. Re1 Qf6 14. Ne4 Qd8 15. Nxd6 Qxd6 16. Bc2 Bd7 17. Bb3 Na5 18. Ne5 Nxb3 19. axb3 Bc6 20. Qd2 Qd5 21. f3 f6 22. Ng4 Kf7 23. Ra5 Qxb3 24. Qf4 Nd7 25. Nxf6 Nxf6 26. Bg5 Kg8 27. Bxf6 Qb4 28. Rae5 Bd5 29. g4 Rf8 30. g5 Rac8 31. R1e2 Rc4 1/2-1/2

[Event "Prague op-A 20th"]
[Site "Prague"]
[Date "2022.01.08"]
[Round "3"]
[White "Roubal, Matyas"]
[Black "Babula, Vlastimil1111"]
[Result "0-1"]
[WhiteElo "1871"]
[BlackElo "2227"]
[PlyCount "76"]
[EventDate "2022.01.07"]
[EventType "swiss"]
[EventRounds "9"]
[EventCountry "CZE"]
[SourceTitle "CBM 206 Extra"]
[Source "ChessBase"]
[SourceDate "2022.03.31"]
[SourceVersion "1"]
[SourceVersionDate "2022.03.31"]
[SourceQuality "1"]

1. e4 c5 2. Nf3 d6 3. Bb5+ Nd7 4. Ba4 Ngf6 5. 0-0 a6 6. c3 Nxe4 7. Re1 Nef6 8. d4 b5 9. Bb3 c4 10. Bc2 Bb7 11. Bf4 e6 12. Nbd2 Be7 13. a4 0-0 14. axb5 axb5 15. b3 Nd5 16. Bg3 Nxc3 17. Bxh7+ Kxh7 18. Qc2+ Kg8 19. Qxc3 Rc8 20. bxc4 bxc4 21. Qb4 Bxf3 22. Nxf3 Nf6 23. Qb1 Nd5 24. h4 c3 25. Qd3 Nb4 26. Qb1 d5 27. Ng5 Bxg5 28. hxg5 Nc6 29. Qd3 Qxg5 30. Qxc3 Ne7 31. Qd3 Nf5 32. Be5 Rc4 33. g3 Qd8 34. g4 Qg5 35. Kh2 Qxg4 36. Rg1 Qh4+ 37. Qh3 Qxh3+ 38. Kxh3 f6 0-1

[Event "Prague Menchik Memorial Rapid"]
[Site "Prague"]
[Date "2021.09.28"]
[Round "9"]
[White "Spirek, Adam"]
[Black "Roubal, Matyas"]
[Result "1-0"]
[WhiteElo "2014"]
[BlackElo "1905"]
[PlyCount "53"]
[EventDate "2021.09.28"]
[EventType "swiss (rapid)"]
[EventRounds "9"]
[EventCountry "CZE"]
[SourceTitle "CBM 204 Extra"]
[Source "ChessBase"]
[SourceDate "2021.11.30"]
[SourceVersion "1"]
[SourceVersionDate "2021.11.30"]
[SourceQuality "1"]

1. e4 c5 2. Nc3 Nc6 3. Bb5 g6 4. Bxc6 bxc6 5. d3 Bg7 6. f4 d5 7. Nf3 e6 8. 0-0 Ne7 9. Bd2 0-0 10. Rb1 Rb8 11. b3 Ba6 12. Re1 Qb6 13. Na4 Qb5 14. c4 Qb7 15. Kh1 Bd4 16. Nxd4 cxd4 17. Nc5 Qc8 18. f5 exf5 19. Bh6 Rd8 20. Bg5 Rd7 21. Nxd7 Qxd7 22. exd5 Nc8 23. Qf3 Bb7 24. Qh3 cxd5 25. Bf6 Nd6 26. Qh6 Ne8 27. Rxe8+ 1-0

[Event "Ceske Budejovice op"]
[Site "Ceske Budejovice"]
[Date "2021.07.08"]
[Round "8"]
[White "Zeleny, Tomas1111"]
[Black "Roubal, Matyas"]
[Result "1/2-1/2"]
[WhiteElo "1917"]
[BlackElo "1693"]
[PlyCount "118"]
[EventDate "2021.07.01"]
[EventType "swiss"]
[EventRounds "9"]
[EventCountry "CZE"]
[SourceTitle "CBM 203 Extra"]
[Source "ChessBase"]
[SourceDate "2021.09.30"]
[SourceVersion "1"]
[SourceVersionDate "2021.09.30"]
[SourceQuality "1"]

1. e4 e5 2. Bc4 Nc6 3. Nf3 Nf6 4. d3 Be7 5. 0-0 0-0 6. c3 d5 7. exd5 Nxd5 8. Re1 Bg4 9. h3 Bh5 10. Nbd2 Nb6 11. Bb5 Bd6 12. Ne4 f5 13. Ng3 Bxf3 14. Qxf3 Qd7 15. a4 a6 16. Bxc6 bxc6 17. a5 Nc8 18. Nf1 Ne7 19. Ne3 Rae8 20. Nc4 Ng6 21. Qd1 f4 22. Nd2 Nh4 23. Nf3 Nxf3+ 24. Qxf3 Bc5 25. Ra4 Re6 26. Rae4 Rg6 27. Kh1 Rd6 28. Rd1 Qf5 29. Rc4 Ba7 30. Kh2 Rfd8 31. Re4 Rd5 32. b4 c5 33. c4 R5d6 34. Bb2 Re6 35. Rde1 cxb4 36. Rxe5 Rxe5 37. Rxe5 Qf7 38. Qe4 Qg6 39. Qxg6 hxg6 40. Re7 Bxf2 41. Rxg7+ Kf8 42. h4 Rxd3 43. Rxg6 Bxh4 44. Rxa6 Rd2 45. Bf6 Bf2 46. Kh3 Ra2 47. Rc6 Rxa5 48. Rxc7 b3 49. Rb7 Ra4 50. Rxb3 Rxc4 51. Rf3 Bg3 52. Bg5 Kg7 53. Kg4 Rc2 54. Kh3 Rc4 55. Bh4 Bxh4 56. Kxh4 Kf6 57. g3 Ke5 58. Rxf4 Rxf4+ 59. gxf4+ Kxf4 1/2-1/2